La lega lombarda / (Record no. 115602)

MARC details
000 -LEADER
campo de control de longitud fija 00544nam a2200169 i 4500
001 - NÚMERO DE CONTROL
campo de control 115602
003 - IDENTIFICADOR DE NÚMERO DE CONTROL
campo de control ES-MaACL
005 - FECHA Y HORA DE LA ÚLTIMA TRANSACCIÓN
campo de control 20230906190517.0
007 - CAMPO FIJO DE DESCRIPCIÓN FÍSICA--INFORMACIÓN GENERAL
campo de control de longitud fija t|
008 - DATOS DE LONGITUD FIJA--INFORMACIÓN GENERAL
campo de control de longitud fija 070416s1919 it ||||1| ita d
100 1# - ENTRADA PRINCIPAL--NOMBRE DE PERSONA
Nombre de persona Azeglio, Massimo d'.
9 (RLIN) 24284
245 13 - MENCIÓN DEL TÍTULO
Título La lega lombarda /
Mención de responsabilidad, etc. Massimo Azeglio Taparelli ; introduzione e note di Marcus De Rubris.
260 ## - PUBLICACIÓN, DISTRIBUCIÓN, ETC.
Lugar de publicación, distribución, etc. Torino :
Nombre del editor, distribuidor, etc. Unione tipografico-editrice torinese,
Fecha de publicación, distribución, etc. 1919 (
Fabricante Tip. Olivero)
300 ## - DESCRIPCIÓN FÍSICA
Extensión 194 p. ;
Dimensiones 19 cm.
700 1# - ENTRADA AGREGADA--NOMBRE PERSONAL
Nombre de persona De Rubris, Marcus.
9 (RLIN) 155777
852 ## - LOCALIZACIÓN
Ubicación ES-MaACL
Número de control de estantería F-10053
Holdings
Estatus retirado Estado de pérdida Estado de daño No para préstamo Biblioteca de origen Biblioteca actual Ubicación en estantería Fecha de adquisición Fuente de adquisición Total de préstamos Signatura topográfica completa Código de barras Visto por última vez Precio de reemplazo Tipo de ítem Koha
        Biblioteca del Ateneo de Madrid Biblioteca del Ateneo de Madrid Sala Pecera Planta 2 17/01/2008     F-10053 1120554 23/02/2023 23/02/2023 Libro impreso